000 01224nam a2200337Ia 4500
001 ebr10326865
003 CaPaEBR
006 m u
007 cr cn|||||||||
008 000310s1999 enka s 001 0 eng d
010 _z 00500289
020 _z0761965246
020 _z0761965254
020 _z9780761965244
040 _aCaPaEBR
_cCaPaEBR
035 _a(OCoLC)464303634
050 1 4 _aH62
_b.R474 1999eb
082 0 4 _a300/.7/2
_221
100 1 _aRichards, Lyn.
245 1 0 _aUsing NVivo in qualitative research
_h[electronic resource] /
_cLyn Richards.
260 _aLondon ;
_aThousand Oaks :
_bSage Publications,
_c1999.
300 _aix, 218 p. :
_bill.
500 _aIncludes index.
533 _aElectronic reproduction.
_bPalo Alto, Calif. :
_cebrary,
_d2009.
_nAvailable via World Wide Web.
_nAccess may be limited to ebrary affiliated libraries.
650 0 _aQualitative research.
650 0 _aSocial sciences
_xResearch
_xData processing.
650 0 _aSocial sciences
_xResearch.
655 7 _aElectronic books.
_2local
710 2 _aebrary, Inc.
856 4 0 _uhttp://site.ebrary.com/lib/rucke/Doc?id=10326865
_zAn electronic book accessible through the World Wide Web; click to view
999 _c56115
_d56115